[Event "Vesterhav"]
[Site "Esbjerg"]
[Date "1978.??.??"]
[Round "1"]
[White "Forintos, Gyozo"]
[Black "Brinck Claussen, Bjorn"]
[Result "1-0"]
[WhiteElo "2435"]
[BlackElo "2385"]
[PlyCount "129"]
[EventDate "1978.??.??"]
[EventType "tourn"]
[EventRounds "13"]
[EventCountry "DEN"]

1. d4 Nf6 2. c4 g6 3. Nc3 d5 4. Nf3 Bg7 5. Bg5 Ne4 6. Bh4 c5 7. cxd5 Nxc3 8.
bxc3 Qxd5 9. e3 Nc6 10. Be2 cxd4 11. cxd4 O-O 12. O-O b6 13. Qb3 Qh5 14. Qb5
Bg4 15. Qxh5 gxh5 16. h3 Bd7 17. Rab1 Rfe8 18. Nd2 e5 19. d5 Ne7 20. Bxe7 Rxe7
21. Bxh5 Bf5 22. e4 Bh6 23. Rb2 Bxd2 24. Rxd2 Bxe4 25. d6 Re6 26. Rc1 Rd8 27.
Rc7 Bg6 28. d7 Kf8 29. Be2 Ke7 30. Rxa7 Rd6 31. Rxd6 Kxd6 32. Bb5 Be4 33. Ra3
Bf5 34. Rb3 Be6 35. Rb2 Ke7 36. a4 Bxd7 37. Bxd7 Rxd7 38. Rxb6 Rd1+ 39. Kh2 Ra1
40. Rb4 Kf6 41. Kg3 h5 42. Rb6+ Kg5 43. h4+ Kf5 44. Rh6 Ra3+ 45. f3 f6 46.
Rxh5+ Kg6 47. Rh8 Rxa4 48. Rg8+ Kh5 49. Rg4 Ra2 50. Re4 Kg6 51. Re3 Kf5 52. Kh3
Ra1 53. g3 Ra2 54. Re4 Ra1 55. g4+ Kg6 56. Re3 Rh1+ 57. Kg3 Rg1+ 58. Kh2 Ra1
59. Kg2 Ra2+ 60. Kg3 Ra1 61. Rb3 Ra6 62. h5+ Kh6 63. Rb7 Rc6 64. Rf7 Ra6 65.
Kh4 1-0

[Event "Vesterhav"]
[Site "Esbjerg"]
[Date "1978.??.??"]
[Round "1"]
[White "Ogaard, Leif"]
[Black "Fries Nielsen, Jens Ove"]
[Result "1/2-1/2"]
[WhiteElo "2435"]
[BlackElo "2260"]
[PlyCount "68"]
[EventDate "1978.??.??"]
[EventType "tourn"]
[EventRounds "13"]
[EventCountry "DEN"]

1. d4 Nf6 2. c4 e6 3. Nc3 Bb4 4. e3 O-O 5. Bd3 d6 6. Nge2 e5 7. O-O Bxc3 8.
Nxc3 Nc6 9. d5 Ne7 10. Qc2 c6 11. dxc6 Nxc6 12. Nd5 h6 13. Bd2 Be6 14. Nxf6+
Qxf6 15. Bc3 Qe7 16. f4 f5 17. fxe5 dxe5 18. Bxf5 Bxc4 19. Rf3 Kh8 20. Qe4 Bg8
21. b4 a6 22. a4 Rad8 23. Qg4 a5 24. b5 Nb4 25. Qg3 Rde8 26. Rd1 Be6 27. Bxe6
Rxf3 28. Qxf3 Qxe6 29. Qxb7 Qb3 30. Qd7 Rf8 31. Qd6 Rf6 32. Qd2 Qxa4 33. Bxe5
Rf5 34. Bc3 Qxb5 1/2-1/2

[Event "Vesterhav"]
[Site "Esbjerg"]
[Date "1978.??.??"]
[Round "1"]
[White "Rath, Ulrik"]
[Black "Hoi, Carsten"]
[Result "1/2-1/2"]
[WhiteElo "2405"]
[BlackElo "2340"]
[PlyCount "56"]
[EventDate "1978.??.??"]
[EventType "tourn"]
[EventRounds "13"]
[EventCountry "DEN"]

1. e4 g6 2. d4 d6 3. Nf3 Nf6 4. Nc3 Bg7 5. Be2 O-O 6. O-O Bg4 7. Be3 Nc6 8. Qd2
Bxf3 9. Bxf3 e5 10. dxe5 Nxe5 11. Be2 Qd7 12. f4 Nc6 13. Kh1 Rfe8 14. Bf3 Rad8
15. Rae1 Kh8 16. Bf2 Ne7 17. h3 b6 18. Qd3 c6 19. a4 Qc7 20. Qa6 d5 21. exd5
Nexd5 22. Bxd5 Nxd5 23. Nxd5 cxd5 24. Rxe8+ Rxe8 25. Qb5 Rc8 26. c3 h6 27. f5
Qc4 28. fxg6 fxg6 1/2-1/2

[Event "Vesterhav"]
[Site "Esbjerg"]
[Date "1978.??.??"]
[Round "1"]
[White "Sigurjonsson, Gudmundur"]
[Black "Mestel, A Jonathan"]
[Result "0-1"]
[WhiteElo "2500"]
[BlackElo "2450"]
[PlyCount "78"]
[EventDate "1978.??.??"]
[EventType "tourn"]
[EventRounds "13"]
[EventCountry "DEN"]

1. e4 c5 2. Nf3 d6 3. d4 cxd4 4. Nxd4 Nf6 5. Nc3 g6 6. Be3 Bg7 7. f3 Bd7 8. Qd2
Nc6 9. O-O-O Rc8 10. g4 Ne5 11. h4 h5 12. g5 Nh7 13. f4 Ng4 14. Bg1 O-O 15. Rh3
e5 16. Ndb5 exf4 17. Rd3 Qa5 18. Nxd6 Rxc3 19. Rxc3 Qxa2 20. Qxf4 Qa1+ 21. Kd2
Qxb2 22. Rb3 Qa2 23. Nc4 Ba4 24. Rdb1 Rd8+ 25. Bd3 Bxb3 26. Rxb3 Nf8 27. Qc7
Rd7 28. Qb8 b6 29. Ke2 Qa1 30. Be3 Qh1 31. Qg3 Ne6 32. Rb5 Nxe3 33. Kxe3 a6 34.
Rd5 Rxd5 35. exd5 Qxd5 36. Qb8+ Kh7 37. Nxb6 Bd4+ 38. Ke2 Qg2+ 39. Kd1 Qg1+ 0-1

[Event "Vesterhav"]
[Site "Esbjerg"]
[Date "1978.??.??"]
[Round "1"]
[White "Westerinen, Heikki"]
[Black "Schneider, Lars Ake"]
[Result "0-1"]
[WhiteElo "2450"]
[BlackElo "2430"]
[PlyCount "112"]
[EventDate "1978.??.??"]
[EventType "tourn"]
[EventRounds "13"]
[EventCountry "DEN"]

1. e4 c5 2. Nf3 Nc6 3. d4 cxd4 4. Nxd4 Nf6 5. Nc3 d6 6. Bg5 e6 7. Qd2 a6 8.
O-O-O Bd7 9. f4 b5 10. Bxf6 gxf6 11. Nxc6 Bxc6 12. Qe3 Qe7 13. a3 Qa7 14. Qh3
Qc5 15. Be2 a5 16. Bh5 Be7 17. Rhe1 b4 18. e5 O-O 19. exd6 Bxd6 20. Ne4 Bxe4
21. Rxe4 f5 22. Red4 bxa3 23. b3 Be7 24. Rc4 Qf2 25. Rd2 a2 26. Rxf2 a1=Q+ 27.
Kd2 Rad8+ 28. Ke2 Qd1+ 29. Ke3 Bc5+ 30. Rxc5 Qd4+ 31. Ke2 Qxc5 32. Kf1 Qd4 33.
g3 Rc8 34. Qh4 Rfd8 35. Qe7 Qg7 36. Kg2 Rd4 37. Qa7 Rd5 38. c4 Rd3 39. Qa6 Qf8
40. Re2 Qd8 41. Re5 Qd7 42. Rb5 Rd2+ 43. Kh3 Rb2 44. Qxa5 Qc6 45. Qc3 Qg2+ 46.
Kh4 Qxh2+ 47. Kg5 f6+ 48. Qxf6 Qxg3+ 49. Kh6 Qxf4+ 50. Qg5+ Qxg5+ 51. Kxg5 Rf8
52. Rb7 f4 53. Bg4 Rg2 54. Rd7 Rf5+ 55. Kh4 Rh2+ 56. Bh3 f3 0-1

[Event "Vesterhav"]
[Site "Esbjerg"]
[Date "1978.??.??"]
[Round "2"]
[White "Brinck Claussen, Bjorn"]
[Black "Rodgaard, John"]
[Result "1/2-1/2"]
[WhiteElo "2385"]
[BlackElo "2320"]
[PlyCount "145"]
[EventDate "1978.??.??"]
[EventType "tourn"]
[EventRounds "13"]
[EventCountry "DEN"]

1. d4 e6 2. c4 d5 3. Nc3 Be7 4. Nf3 Nf6 5. Bg5 O-O 6. e3 Nbd7 7. Rc1 c6 8. Bd3
dxc4 9. Bxc4 Nd5 10. Bxe7 Qxe7 11. Ne4 N5f6 12. Nxf6+ Nxf6 13. Bd3 Bd7 14. O-O
Rfc8 15. Ne5 c5 16. dxc5 Be8 17. b4 b6 18. Ba6 Rd8 19. Qb3 bxc5 20. bxc5 Rab8
21. Qa3 Qc7 22. Nc4 Ne4 23. f3 Nxc5 24. Na5 Qb6 25. Be2 Nd3 26. Nc4 Qb4 27.
Bxd3 Qxa3 28. Bxh7+ Kxh7 29. Nxa3 Rb2 30. Rf2 Rxf2 31. Kxf2 Rd2+ 32. Kg3 Rxa2
33. Nc4 f6 34. Nd6 Bg6 35. Rc7 a6 36. Ra7 Kh6 37. e4 a5 38. Nb7 a4 39. Nc5 f5
40. exf5 exf5 41. Rxa4 Rc2 42. Ne6 Bf7 43. Nf4 g5 44. Ra6+ Kg7 45. Nh3 f4+ 46.
Kg4 Rxg2+ 47. Kf5 Rxh2 48. Nxg5 Ra2 49. Rd6 Ra5+ 50. Kxf4 Ra7 51. Kg4 Bg6 52.
Ne6+ Kf7 53. Nd4 Ra1 54. Nc6 Kg7 55. Ne5 Bc2 56. Kg5 Rg1+ 57. Ng4 Bd1 58. Rd7+
Kf8 59. Kf4 Rf1 60. Ne5 Re1 61. Kf5 Rxe5+ 62. Kxe5 Bxf3 63. Rd3 Be2 64. Rd2 Bc4
65. Rc2 Bb3 66. Rc3 Ba2 67. Rg3 Ke7 68. Ra3 Bc4 69. Ra7+ Ke8 70. Kf6 Bb3 71.
Re7+ Kd8 72. Re3 Ba2 73. Rd3+ 1/2-1/2

[Event "Vesterhav"]
[Site "Esbjerg"]
[Date "1978.??.??"]
[Round "2"]
[White "Hoi, Carsten"]
[Black "Sigurjonsson, Gudmundur"]
[Result "0-1"]
[WhiteElo "2340"]
[BlackElo "2500"]
[PlyCount "54"]
[EventDate "1978.??.??"]
[EventType "tourn"]
[EventRounds "13"]
[EventCountry "DEN"]

1. d4 Nf6 2. c4 g6 3. Nc3 Bg7 4. e4 d6 5. f3 O-O 6. Be3 a6 7. Qd2 b6 8. Nge2 c5
9. O-O-O Nc6 10. d5 Ne5 11. Ng3 b5 12. f4 Nxc4 13. Bxc4 bxc4 14. h3 Qa5 15. e5
dxe5 16. fxe5 Nd7 17. Bh6 Nxe5 18. Bxg7 Kxg7 19. Qe3 f6 20. d6 exd6 21. Rxd6
Rb8 22. Rf1 Qb4 23. Rd2 Be6 24. Nge4 Nd3+ 25. Kd1 Bf5 26. Nd6 Nxb2+ 27. Ke2
Bd3+ 0-1

[Event "Vesterhav"]
[Site "Esbjerg"]
[Date "1978.??.??"]
[Round "2"]
[White "Larsen, Bent"]
[Black "Schneider, Lars Ake"]
[Result "1-0"]
[WhiteElo "2620"]
[BlackElo "2430"]
[PlyCount "87"]
[EventDate "1978.??.??"]
[EventType "tourn"]
[EventRounds "13"]
[EventCountry "DEN"]

1. c4 Nf6 2. Nc3 e6 3. Nf3 d5 4. d4 c6 5. cxd5 exd5 6. Bg5 Be7 7. e3 Bf5 8. Bd3
Bxd3 9. Bxf6 Bxf6 10. Qxd3 Nd7 11. O-O-O O-O 12. h4 b5 13. Kb1 Qa5 14. Qf5 Rfd8
15. h5 Rac8 16. Rc1 Qa6 17. Ne2 c5 18. Nf4 cxd4 19. Rxc8 Qxc8 20. Nxd5 dxe3 21.
h6 Qc4 22. hxg7 Bxg7 23. Nxe3 Qb4 24. Qxh7+ Kf8 25. Qc2 Nb6 26. a3 Qf4 27. Nf5
Bf6 28. Qc5+ Kg8 29. Nh6+ Kg7 30. Qf5 Qxf5+ 31. Nxf5+ Kg8 32. Rh6 Nd5 33. g4
Re8 34. g5 Bh8 35. Rd6 Nb6 36. Nh6+ Kf8 37. Nd4 Re5 38. Rd8+ Re8 39. Rxe8+ Kxe8
40. Nxb5 Nc4 41. b3 Nd2+ 42. Kc2 Ne4 43. f4 a5 44. Kd3 1-0

[Event "Vesterhav"]
[Site "Esbjerg"]
[Date "1978.??.??"]
[Round "2"]
[White "Fries Nielsen, Jens Ove"]
[Black "Rath, Ulrik"]
[Result "0-1"]
[WhiteElo "2260"]
[BlackElo "2405"]
[PlyCount "66"]
[EventDate "1978.??.??"]
[EventType "tourn"]
[EventRounds "13"]
[EventCountry "DEN"]

1. Nf3 Nf6 2. c4 g6 3. b3 Bg7 4. Bb2 d6 5. e3 e5 6. Be2 O-O 7. O-O Re8 8. Nc3
Nbd7 9. Rc1 Nf8 10. b4 a6 11. d3 c6 12. Qb3 Bg4 13. Rfd1 h6 14. a4 N8d7 15. h3
Be6 16. a5 g5 17. Ne4 Qe7 18. Nxf6+ Nxf6 19. d4 e4 20. Nh2 d5 21. Ba3 Bf8 22.
Nf1 dxc4 23. Bxc4 Bxc4 24. Qxc4 Qe6 25. Qc2 Nd5 26. Rb1 f5 27. Nd2 Rad8 28. Re1
Rd7 29. Rb3 Rg7 30. f3 Bd6 31. fxe4 fxe4 32. Nc4 Bg3 33. Rf1 g4 0-1

[Event "Vesterhav"]
[Site "Esbjerg"]
[Date "1978.??.??"]
[Round "2"]
[White "Sloth, Jorn"]
[Black "Westerinen, Heikki"]
[Result "0-1"]
[WhiteElo "2390"]
[BlackElo "2450"]
[PlyCount "140"]
[EventDate "1978.??.??"]
[EventType "tourn"]
[EventRounds "13"]
[EventCountry "DEN"]

1. Nf3 Nf6 2. d4 g6 3. g3 Bg7 4. Bg2 O-O 5. O-O d6 6. a4 Bf5 7. a5 Qc8 8. Nc3
Re8 9. Nh4 Bh3 10. e4 Nc6 11. Bg5 Bxg2 12. Kxg2 Qg4 13. Bxf6 Qxd1 14. Rfxd1
exf6 15. Ra4 Rac8 16. f4 Ne7 17. a6 Rb8 18. axb7 Rxb7 19. b3 f5 20. exf5 c5 21.
Re1 Kf8 22. Ne4 Nd5 23. dxc5 Nc3 24. c6 Rc7 25. Nxc3 Rxe1 26. Nd5 Rxc6 27. c4
Bd4 28. Nf3 Re2+ 29. Kh3 Bf2 30. f6 Bc5 31. Kg4 Rf2 32. b4 Be3 33. Ng5 h5+ 34.
Kh3 Bd4 35. b5 Rc8 36. Ne4 Re2 37. Ng5 Rc2 38. b6 Bg1 39. g4 Rxh2+ 40. Kg3 h4+
41. Kf3 Re8 42. Ne7 Rf2+ 43. Ke4 Re2+ 44. Kd5 R8xe7 45. fxe7+ Rxe7 46. Rxa7
Rxa7 47. bxa7 Bxa7 48. Kxd6 Bb8+ 49. Kd5 Bxf4 50. Nh3 g5 51. Ke4 Bd2 52. Nf2
Ke7 53. Kf3 Ke6 54. Ke4 Bb4 55. Kf3 Be7 56. Ne4 Ke5 57. Nf2 Kd4 58. Nd1 Bd6 59.
Ne3 h3 60. Nd1 Kxc4 61. Nf2 h2 62. Kg2 Kd4 63. Kf3 Be5 64. Ke2 Bg3 65. Nh1 Bh4
66. Kf3 Kd3 67. Kg2 Ke2 68. Kxh2 Kf1 69. Kh3 Kg1 70. Nf2 Kxf2 0-1

[Event "Vesterhav"]
[Site "Esbjerg"]
[Date "1978.??.??"]
[Round "3"]
[White "Forintos, Gyozo"]
[Black "Hoi, Carsten"]
[Result "1-0"]
[WhiteElo "2435"]
[BlackElo "2340"]
[PlyCount "119"]
[EventDate "1978.??.??"]
[EventType "tourn"]
[EventRounds "13"]
[EventCountry "DEN"]

1. d4 g6 2. c4 Bg7 3. Nc3 d6 4. e4 Nd7 5. Nge2 Ngf6 6. Ng3 e5 7. d5 O-O 8. h4
h5 9. Bg5 a6 10. Be2 Qe8 11. Qc2 Nh7 12. Be3 Qe7 13. Nf1 c6 14. a4 Ndf6 15. f3
Bd7 16. a5 Ne8 17. Qb3 Bc8 18. c5 Nhf6 19. dxc6 bxc6 20. cxd6 Qxd6 21. Rd1 Qe7
22. Qb6 Qe6 23. Qb4 Nh7 24. Bc5 Nc7 25. Ne3 Nb5 26. Bxf8 Bxf8 27. Qc4 Qf6 28.
Nc2 Be6 29. Qd3 Bc5 30. Na4 Be7 31. Qe3 Rb8 32. Nb6 Nd4 33. Rc1 Nb3 34. Rd1 Bc5
35. Qh6 Nxa5 36. Nd7 Bxd7 37. Rxd7 Rxb2 38. Qc1 Rb8 39. g3 Kg7 40. Kf1 Nb3 41.
Qd1 Nf8 42. Rd3 Nd4 43. Nxd4 Bxd4 44. Rb3 Rd8 45. Qc2 g5 46. hxg5 Qxg5 47. f4
exf4 48. Rxh5 Qf6 49. gxf4 Ng6 50. Rf3 Rh8 51. e5 Qd8 52. Rfh3 Rxh5 53. Rxh5
Be3 54. Qxc6 Bxf4 55. Qc3 Kg8 56. e6 fxe6 57. Bd3 Be5 58. Qb3 Kg7 59. Qb7+ Kf6
60. Qe4 1-0

[Event "Vesterhav"]
[Site "Esbjerg"]
[Date "1978.??.??"]
[Round "3"]
[White "Rodgaard, John"]
[Black "Mestel, A Jonathan"]
[Result "0-1"]
[WhiteElo "2320"]
[BlackElo "2450"]
[PlyCount "50"]
[EventDate "1978.??.??"]
[EventType "tourn"]
[EventRounds "13"]
[EventCountry "DEN"]

1. c4 g6 2. g3 Bg7 3. Bg2 e5 4. Nc3 f5 5. Rb1 Nf6 6. b4 O-O 7. d3 d6 8. Qb3 h6
9. e3 c6 10. Nge2 Qe7 11. b5 c5 12. O-O Be6 13. Bd2 g5 14. f4 Kh8 15. Rbe1 gxf4
16. gxf4 Rg8 17. e4 fxe4 18. fxe5 Ng4 19. dxe4 Bxe5 20. Bf4 Qh4 21. h3 Ne3 22.
Bxe3 Rxg2+ 23. Kxg2 Bxh3+ 24. Kg1 Qg4+ 25. Kf2 Qg2# 0-1

[Event "Vesterhav"]
[Site "Esbjerg"]
[Date "1978.??.??"]
[Round "3"]
[White "Schneider, Lars Ake"]
[Black "Sloth, Jorn"]
[Result "0-1"]
[WhiteElo "2430"]
[BlackElo "2390"]
[PlyCount "78"]
[EventDate "1978.??.??"]
[EventType "tourn"]
[EventRounds "13"]
[EventCountry "DEN"]

1. e4 c6 2. d4 d5 3. exd5 cxd5 4. Bd3 Nc6 5. c3 Nf6 6. Bf4 Bg4 7. Qb3 Na5 8.
Qa4+ Bd7 9. Qc2 a6 10. a4 Nc4 11. b3 Nd6 12. Bxd6 exd6 13. Ne2 g6 14. O-O Bh6
15. Nd2 O-O 16. Rfe1 Rc8 17. Nf1 Re8 18. Qb2 Ne4 19. c4 Qh4 20. Neg3 Bg7 21.
Nxe4 dxe4 22. g3 Qg4 23. Ne3 Qg5 24. Bf1 f5 25. Rad1 Be6 26. Qa3 f4 27. Ng2 Bg4
28. Nxf4 Bxd1 29. Rxd1 e3 30. Qxd6 Rcd8 31. Qb6 exf2+ 32. Kxf2 Re4 33. d5 Rf8
34. Be2 Rexf4+ 35. gxf4 Qxf4+ 36. Kg1 Be5 37. Qe6+ Kh8 38. Qh3 Qf2+ 39. Kh1
Qxe2 0-1

[Event "Vesterhav"]
[Site "Esbjerg"]
[Date "1978.??.??"]
[Round "3"]
[White "Sigurjonsson, Gudmundur"]
[Black "Fries Nielsen, Jens Ove"]
[Result "1-0"]
[WhiteElo "2500"]
[BlackElo "2260"]
[PlyCount "67"]
[EventDate "1978.??.??"]
[EventType "tourn"]
[EventRounds "13"]
[EventCountry "DEN"]

1. e4 d6 2. d4 Nf6 3. Nc3 g6 4. f4 Bg7 5. Nf3 O-O 6. Be3 b6 7. Bd3 Bb7 8. f5 c5
9. fxg6 hxg6 10. d5 Nbd7 11. O-O Re8 12. Ng5 a6 13. Qe1 Nf8 14. Qh4 Qd7 15. h3
e6 16. e5 dxe5 17. Nce4 Nxe4 18. Rxf7 Qxf7 19. Nxf7 Kxf7 20. dxe6+ Rxe6 21.
Bxe4 Bxe4 22. Qxe4 Ra7 23. Rf1+ Kg8 24. Qd5 Rae7 25. Bg5 Re8 26. Qb7 e4 27. Rf7
Bd4+ 28. Kh2 e3 29. Bh6 e2 30. Rg7+ Kh8 31. Qf7 Be5+ 32. g3 Bxg3+ 33. Kg2 e1=N+
34. Kxg3 1-0

[Event "Vesterhav"]
[Site "Esbjerg"]
[Date "1978.??.??"]
[Round "3"]
[White "Westerinen, Heikki"]
[Black "Brinck Claussen, Bjorn"]
[Result "1/2-1/2"]
[WhiteElo "2450"]
[BlackElo "2385"]
[PlyCount "120"]
[EventDate "1978.??.??"]
[EventType "tourn"]
[EventRounds "13"]
[EventCountry "DEN"]

1. e4 e6 2. Nf3 d5 3. e5 c5 4. b4 cxb4 5. a3 Nc6 6. axb4 Bxb4 7. c3 Ba5 8. d4
Nge7 9. Bd3 h6 10. O-O a6 11. Ba3 Bd7 12. g3 b5 13. Bc5 Bb6 14. Bxb6 Qxb6 15.
Nbd2 Na5 16. Qe2 O-O 17. Bc2 Rfc8 18. Qd3 g6 19. h4 Kg7 20. h5 b4 21. cxb4 Nac6
22. Qe3 Nxb4 23. Qf4 Nxc2 24. Qf6+ Kg8 25. Qxe7 Qd8 26. Qxd8+ Rxd8 27. Ra5 Bb5
28. Rc1 Rdc8 29. hxg6 fxg6 30. Nb3 Rc3 31. Nc5 Kf7 32. Ra2 Rxf3 33. Rcxc2 Ke7
34. Kg2 Rff8 35. Rc1 Bc4 36. Ra3 Rab8 37. Rc2 Rb1 38. f4 g5 39. Rf2 g4 40. Rd2
h5 41. Ra5 Rfb8 42. Nxa6 Ra8 43. Nb4 Rxa5 44. Nc6+ Kd7 45. Nxa5 Rb5 46. Nxc4
dxc4 47. Rc2 Rb4 48. Kf2 Kc6 49. Ra2 Kd5 50. Ra6 Kxd4 51. Rxe6 Rb2+ 52. Ke1 Ke3
53. Kd1 h4 54. Rg6 hxg3 55. Rxg4 Kf3 56. Rg8 g2 57. f5 Rb8 58. Rg5 Rd8+ 59. Kc2
Rd4 60. f6 Rg4 1/2-1/2

[Event "Vesterhav"]
[Site "Esbjerg"]
[Date "1978.??.??"]
[Round "4"]
[White "Kristiansen, Jens"]
[Black "Sigurjonsson, Gudmundur"]
[Result "1/2-1/2"]
[WhiteElo "2395"]
[BlackElo "2500"]
[PlyCount "38"]
[EventDate "1978.??.??"]
[EventType "tourn"]
[EventRounds "13"]
[EventCountry "DEN"]

1. e4 c5 2. Nf3 d6 3. d4 cxd4 4. Nxd4 Nf6 5. Nc3 e6 6. Be2 Be7 7. O-O O-O 8. f4
Nc6 9. Be3 a6 10. a4 Qc7 11. Bf3 Re8 12. Kh1 Rb8 13. Qe2 Nxd4 14. Bxd4 e5 15.
Ba7 Ra8 16. Be3 Be6 17. Qd2 exf4 18. Bxf4 Rac8 19. Qd4 Red8 1/2-1/2

[Event "Vesterhav"]
[Site "Esbjerg"]
[Date "1978.??.??"]
[Round "4"]
[White "Mestel, A Jonathan"]
[Black "Westerinen, Heikki"]
[Result "1/2-1/2"]
[WhiteElo "2450"]
[BlackElo "2450"]
[PlyCount "112"]
[EventDate "1978.??.??"]
[EventType "tourn"]
[EventRounds "13"]
[EventCountry "DEN"]

1. e4 e5 2. Nf3 Nc6 3. Bb5 a6 4. Ba4 d6 5. O-O Bd7 6. c3 g6 7. d4 Bg7 8. d5 Nb8
9. c4 Ne7 10. Nc3 O-O 11. b4 h6 12. Nd2 f5 13. f3 c6 14. c5 cxd5 15. Bb3 Be6
16. cxd6 Qxd6 17. Nc4 Qd8 18. exd5 Bf7 19. Be3 Nd7 20. Qd2 Kh7 21. Nd6 Bg8 22.
Nxb7 Qb8 23. Nc5 Rd8 24. Nxd7 Rxd7 25. Bc5 e4 26. fxe4 fxe4 27. Rad1 Qe5 28.
Bd4 Qxd4+ 29. Qxd4 Bxd4+ 30. Rxd4 e3 31. Rd3 Rad8 32. Rxe3 Nxd5 33. Nxd5 Bxd5
34. Bxd5 Rxd5 35. Re7+ Kg8 36. Re6 R5d6 37. Rxd6 Rxd6 38. Rb1 Kf7 39. a4 Ke6
40. b5 axb5 41. axb5 Rb6 42. Kf2 Kd5 43. Kf3 Kd4 44. h4 Kd3 45. Rd1+ Kc4 46.
Rc1+ Kd5 47. Rb1 Kd4 48. Kg4 Kd3 49. Rd1+ Ke4 50. Re1+ Kd4 51. g3 Rxb5 52. Re6
h5+ 53. Kh3 g5 54. hxg5 Rxg5 55. Re8 Rg7 56. Ra8 Ke5 1/2-1/2

[Event "Vesterhav"]
[Site "Esbjerg"]
[Date "1978.??.??"]
[Round "4"]
[White "Fries Nielsen, Jens Ove"]
[Black "Forintos, Gyozo"]
[Result "1/2-1/2"]
[WhiteElo "2260"]
[BlackElo "2435"]
[PlyCount "85"]
[EventDate "1978.??.??"]
[EventType "tourn"]
[EventRounds "13"]
[EventCountry "DEN"]

1. Nf3 g6 2. d4 Bg7 3. c3 Nf6 4. Bg5 d6 5. Nbd2 h6 6. Bh4 g5 7. Bg3 Bf5 8. e3
Nbd7 9. Bc4 Nb6 10. Bb5+ c6 11. Be2 Nh5 12. a4 a5 13. O-O Nxg3 14. hxg3 Bg6 15.
Qb3 Qc7 16. e4 O-O 17. Rfe1 Kh8 18. Bd3 Nd7 19. Qc2 c5 20. d5 g4 21. Nh2 Ne5
22. Nc4 Nxc4 23. Bxc4 Qc8 24. Qe2 h5 25. Rad1 Be5 26. Qe3 Kh7 27. Rf1 Rg8 28.
Be2 Qf8 29. Bb5 Qh6 30. Qxh6+ Kxh6 31. Rfe1 Rad8 32. Nf1 Rg7 33. Nd2 h4 34.
gxh4 g3 35. Nf1 gxf2+ 36. Kxf2 Bh5 37. Rd3 Bg4 38. g3 Bh3 39. Nh2 Rdg8 40. Rg1
e6 41. Rf3 f5 42. Bd3 c4 43. Bc2 1/2-1/2

[Event "Vesterhav"]
[Site "Esbjerg"]
[Date "1978.??.??"]
[Round "4"]
[White "Ogaard, Leif"]
[Black "Rath, Ulrik"]
[Result "1/2-1/2"]
[WhiteElo "2435"]
[BlackElo "2405"]
[PlyCount "40"]
[EventDate "1978.??.??"]
[EventType "tourn"]
[EventRounds "13"]
[EventCountry "DEN"]

1. d4 Nf6 2. c4 c6 3. Nc3 d5 4. Nf3 dxc4 5. a4 Na6 6. e4 Bg4 7. Bxc4 e6 8. Be3
Be7 9. O-O O-O 10. Qb3 Bxf3 11. gxf3 Qb6 12. Qc2 c5 13. d5 Nb4 14. Qe2 exd5 15.
exd5 Rad8 16. Rad1 Kh8 17. Kh1 Rfe8 18. Bb5 Rg8 19. Bc4 Rge8 20. Bb5 Rg8
1/2-1/2

[Event "Vesterhav"]
[Site "Esbjerg"]
[Date "1978.??.??"]
[Round "5"]
[White "Forintos, Gyozo"]
[Black "Kristiansen, Jens"]
[Result "0-1"]
[WhiteElo "2435"]
[BlackElo "2395"]
[PlyCount "88"]
[EventDate "1978.??.??"]
[EventType "tourn"]
[EventRounds "13"]
[EventCountry "DEN"]

1. d4 Nf6 2. c4 g6 3. Nc3 Bg7 4. e4 d6 5. Be2 O-O 6. Bg5 c5 7. d5 h6 8. Bf4 Re8
9. Nf3 e6 10. Nd2 a6 11. a4 Qe7 12. h3 Nbd7 13. O-O e5 14. Be3 a5 15. Qc2 Rf8
16. Rae1 Kh8 17. Kh2 Ng8 18. Bd3 h5 19. Nf3 Bh6 20. Qd2 Bxe3 21. Qxe3 Kg7 22.
g3 Ndf6 23. Kg2 Nh7 24. Nh4 Bd7 25. Bc2 Rae8 26. Nd1 Ng5 27. Rh1 Nh6 28. Qc3 b6
29. f4 Nh7 30. Ne3 Kg8 31. Nf3 Qf6 32. fxe5 dxe5 33. Ref1 Qe7 34. Qd2 Kg7 35.
Nh4 f6 36. Rf2 Ng5 37. Qe2 Nhf7 38. Nf1 Rh8 39. Nd2 Qd8 40. Qf1 Qc8 41. g4 hxg4
42. Kg3 gxh3 43. Rxf6 Rxh4 44. Kxh4 Qd8 0-1

[Event "Vesterhav"]
[Site "Esbjerg"]
[Date "1978.??.??"]
[Round "5"]
[White "Schneider, Lars Ake"]
[Black "Mestel, A Jonathan"]
[Result "1/2-1/2"]
[WhiteElo "2430"]
[BlackElo "2450"]
[PlyCount "46"]
[EventDate "1978.??.??"]
[EventType "tourn"]
[EventRounds "13"]
[EventCountry "DEN"]

1. b3 e5 2. Bb2 d6 3. c4 Nf6 4. g3 g6 5. Bg2 Bg7 6. Nc3 O-O 7. Nf3 c6 8. O-O
Re8 9. e4 Nbd7 10. d4 exd4 11. Nxd4 Nc5 12. Qc2 a5 13. Rad1 Qb6 14. Nde2 a4 15.
Nxa4 Nxa4 16. bxa4 Qb4 17. Nc3 Be6 18. Ba1 Bxc4 19. Rb1 Qa3 20. Rfd1 Ba6 21.
Nb5 cxb5 22. axb5 Bxb5 23. Rxb5 Qxa2 1/2-1/2

[Event "Vesterhav"]
[Site "Esbjerg"]
[Date "1978.??.??"]
[Round "5"]
[White "Sloth, Jorn"]
[Black "Brinck Claussen, Bjorn"]
[Result "1/2-1/2"]
[WhiteElo "2390"]
[BlackElo "2385"]
[PlyCount "25"]
[EventDate "1978.??.??"]
[EventType "tourn"]
[EventRounds "13"]
[EventCountry "DEN"]

1. Nf3 Nf6 2. g3 g6 3. b3 Bg7 4. Bb2 b6 5. Bg2 Bb7 6. c4 c5 7. O-O O-O 8. Nc3
d6 9. e3 Nbd7 10. d4 Rb8 11. Re1 d5 12. cxd5 Nxd5 13. Nxd5 1/2-1/2

[Event "Vesterhav"]
[Site "Esbjerg"]
[Date "1978.??.??"]
[Round "6"]
[White "Hoi, Carsten"]
[Black "Schneider, Lars Ake"]
[Result "1-0"]
[WhiteElo "2340"]
[BlackElo "2430"]
[PlyCount "79"]
[EventDate "1978.??.??"]
[EventType "tourn"]
[EventRounds "13"]
[EventCountry "DEN"]

1. d4 Nf6 2. c4 e6 3. Nc3 Bb4 4. e3 c5 5. Bd3 O-O 6. Nf3 d5 7. O-O dxc4 8. Bxc4
b6 9. Qe2 Bb7 10. Rd1 cxd4 11. exd4 Nd5 12. Bg5 Qc8 13. Nxd5 Bxd5 14. Bxd5 exd5
15. a3 Bd6 16. Rac1 Qd7 17. Ne5 Qe6 18. Be3 Nd7 19. Nxd7 Qxd7 20. Rc2 Rfe8 21.
Qf3 Re4 22. Rdc1 Rae8 23. g3 f5 24. Kh1 f4 25. gxf4 Bxf4 26. Bxf4 Qf5 27. Qg3
Qxf4 28. Rc7 Re1+ 29. Rxe1 Rxe1+ 30. Kg2 Qxd4 31. Qf3 Qf6 32. Qxd5+ Kf8 33. Rc6
Qf4 34. Rc8+ Re8 35. Rxe8+ Kxe8 36. Qa8+ Ke7 37. Qxa7+ Kf8 38. Qa8+ Ke7 39.
Qb7+ Kf8 40. Qf3 1-0

[Event "Vesterhav"]
[Site "Esbjerg"]
[Date "1978.??.??"]
[Round "6"]
[White "Kristiansen, Jens"]
[Black "Rodgaard, John"]
[Result "1/2-1/2"]
[WhiteElo "2395"]
[BlackElo "2320"]
[PlyCount "76"]
[EventDate "1978.??.??"]
[EventType "tourn"]
[EventRounds "13"]
[EventCountry "DEN"]

1. e4 e6 2. d4 d5 3. Nd2 Nf6 4. e5 Nfd7 5. f4 c5 6. c3 Nc6 7. Ndf3 Qa5 8. Be3
Qb6 9. b3 cxd4 10. cxd4 f6 11. Kf2 g5 12. g3 g4 13. Ne1 Rg8 14. Ne2 f5 15. h3
h5 16. hxg4 hxg4 17. Nd3 Qd8 18. Qc2 Ndb8 19. Nc3 a6 20. a3 b6 21. b4 Ne7 22.
a4 Ra7 23. Qb3 Bg7 24. a5 b5 25. Nc5 Bd7 26. Be2 Kf7 27. Rh7 Bc6 28. Rah1 Nd7
29. Nxd7 Qxd7 30. Nd1 Raa8 31. Nb2 Rh8 32. Qd1 Bb7 33. Nd3 Rxh7 34. Rxh7 Rh8
35. Nc5 Qc6 36. Rxh8 Bxh8 37. Qh1 Bg7 38. Qh5+ Kf8 1/2-1/2

[Event "Vesterhav"]
[Site "Esbjerg"]
[Date "1978.??.??"]
[Round "6"]
[White "Mestel, A Jonathan"]
[Black "Sloth, Jorn"]
[Result "0-1"]
[WhiteElo "2450"]
[BlackElo "2390"]
[PlyCount "82"]
[EventDate "1978.??.??"]
[EventType "tourn"]
[EventRounds "13"]
[EventCountry "DEN"]

1. e4 c6 2. d4 d5 3. Nd2 dxe4 4. Nxe4 Nd7 5. Nf3 Ngf6 6. Nxf6+ Nxf6 7. g3 Bg4
8. Bg2 g6 9. c3 Bg7 10. O-O O-O 11. Re1 e6 12. h3 Bxf3 13. Qxf3 Nd5 14. h4 h6
15. Bd2 Qb6 16. b3 a5 17. Rad1 Rfd8 18. Qe2 a4 19. b4 Qa6 20. Qf3 Qc4 21. Ra1
Ne7 22. Re4 Nf5 23. Bf4 Nd6 24. Ree1 Nb5 25. Re3 Qd5 26. Qe2 Qd7 27. Be4 h5 28.
Bc2 Nxc3 29. Rxc3 Qxd4 30. Rc1 Qxc3 31. Bxg6 Qxb4 32. Bxh5 Rd4 33. Be3 Rd7 34.
Rc5 e5 35. Rc4 Qb1+ 36. Kh2 Qh7 37. Qf3 f5 38. g4 f4 39. Bc5 Qd3 40. Qxd3 Rxd3
41. g5 Bf8 0-1